| 000 | 00426cam a2200145 a 4500 | ||
|---|---|---|---|
| 020 |
_a0534084184 : _c$27.00 |
||
| 050 | 0 | 0 |
_aQA303 _b.K856 1988 |
| 100 | 1 | _aKuhfittig, Peter K. F. | |
| 245 | 1 | 0 |
_aTechnical calculus with analytic geometry / _cPeter Kuhfittig. |
| 250 | _a2nd ed. | ||
| 260 |
_aPacific Grove, Calif. : _bBrooks/Cole Pub. Co., _cc1988. |
||
| 300 | _axiii, 497 p. : | ||
| 500 | _aIncludes index. | ||
| 942 |
_2lcc _cGEN |
||
| 999 |
_c10990 _d10990 |
||